Quizzes
Events
Quiz Creation
Community
Videos
Private Events
Remove Ads
Sign In
Join for FREE
Feedback
Dark Mode
Quiz Categories
Sports
Geography
Music
Movies
Television
Just For Fun
Miscellaneous
History
Literature
Language
Science
Gaming
Entertainment
Religion
Holiday
For Kids
Quiz Lab
Recent
Popular Today
Quiz Kudos Today
Editor Picks
Curator Picks
Quizzes by...
Day
Popularity
Type
Ratings
Length
Year
Community
Subscriptions
Recent Discussions
Orange Saloon
Badges
Playlists
Quests
Create
Leaderboards
Showdown
Live 5
Trivia Bingo
Activity
Puzzle Library
Sporcle Events
Private Events
Virtual Trivia
Globe League
Become a Host
Pub Owners
SporcleCon
Opinionation
Our Games
Videos
Blog
Mobile Apps
Partnerships
Remove Ads and Go Orange
Feedback
Sports
Athletes
MLB
NBA
NHL
NFL
Soccer
Sports Teams
WWE
NCAA
Football
Premier League
Basketball
Baseball
Hockey
Golf
Tennis
Cricket
Rugby
Auto Racing
Olympics
World Cup
Sports
Athletes
MLB
NBA
NHL
NFL
Soccer
Sports Teams
WWE
NCAA
Football
Premier League
Basketball
Baseball
Hockey
Golf
Tennis
Cricket
Rugby
Auto Racing
Olympics
World Cup
Random Quiz
Search Sporcle
×
Quiz Lab
Quiz Lab
Sports
team
Type in answers that appear in a list
Type in answers that appear in a list
Classic
Best Score? Go Orange.
Most Appearences at a Single Bowl Game Stats
Can you name the Most Appearences at a Single Bowl Game?
By
saban4pres
6m
34 Questions
74 Plays
74 Plays
74 Plays
Comments
Comments
Give Quiz Kudos
Give Quiz Kudos
-
- Ratings
hide this ad
Forced Order
Answers have to be entered in order
Answers have to be entered in order
Replay
Link that replays current quiz
Next Quiz
Link to next quiz in quiz playlist
You Got
0%
They Got
Avg Score
30%
Avg Friend Score
Upgrade to see
Score Distribution
Jump to the score distribution portion of the page
Score
0/34
Timer
06:00
0
Plays Today
Bowl Game
Team
% Correct
Rose Bowl
Southern Cal
97.3%
Sugar Bowl
Alabama, LSU
82.4%
Cotton Bowl
Texas
75.7%
Fiesta Bowl
Arizona State, Nebraska, Ohio State, Penn State
70.3%
Orange Bowl
Oklahoma
67.6%
Capital One Bowl
Auburn, Florida, Georgia, Penn State, Tennessee
51.4%
Hawaii Bowl
Hawaii
43.2%
Outback Bowl
Florida, Georgia, Michigan, Ohio State, Penn State, Wisconsin
36.5%
Armed Forces Bowl
Air Force, Houston
36.5%
Holiday Bowl
BYU
33.8%
Pinstripe Bowl
Kansas State, Syracuse
33.8%
New Mexico Bowl
Fresno State, New Mexico
29.7%
Liberty Bowl
Air Force, Alabama, Arkansas, ECU, Louisville, Mississippi
28.4%
Humanitarian Bowl
Boise State
27%
Texas Bowl
No one has played in this game more than once
27%
Chick-
fil-
A Bowl
Clemson, NC State
24.3%
Military Bowl
No one has played in this game more than once
24.3%
Bowl Game
Team
% Correct
Gator Bowl
Clemson
23%
Maaco Bowl Las Vegas
BYU
20.3%
Music City Bowl
Kentucky
20.3%
St. Petersburg Bowl
No one has played in this game more than once
20.3%
Sun Bowl
Texas Tech
18.9%
Little Caesar's Bowl
Marshall
17.6%
BBVA Compass Bowl
No one has played in this game more than once
17.6%
New Orleans Bowl
North Texas, Southern Miss
16.2%
Meineke Car Care Bowl
North Carolina
16.2%
Alamo Bowl
Iowa
14.9%
TicketCity Bowl
Northwestern, Texas Tech
14.9%
Independence Bowl
Mississippi
12.2%
Poinsettia Bowl
Navy
10.8%
Godaddy.com Bowl
Bowling Green, ECU, Louisville, Marshall, Miami (OH), Tulsa, Southern Miss
9.5%
Kraft Fight Hunger Bowl
Boston College
9.5%
Champs Sports Bowl
North Carolina State
8.1%
Insight Bowl
Minnesota
6.8%
Quiz Playlist
Details
Report
Send in Message
Add To Playlist
Classic:
Type in answers that appear in a list
Forced Order:
Answers have to be entered in order
Last Updated: Feb 16, 2017
Quiz Scoreboard
CHALLENGE
Sign Up to Join the Scoreboard
Show All
Scores
Hide
Comments
May contain spoilers
Recently Published
Billboard Blitz: Fleetwood Mac
by CooCooCachoo
Music
15s
Presidents Visiting Landmarks
by Hejman
History
7m
An Introduction to Baseball
by treessimontrees
Sports
5m
More to Explore
Quiz From the Vault
Featured Blog Post
Where Did the Easter Bunny Come From?
hide this ad
You Might Also Like...
Tags
appearance
Bowl
Single
team
Today's Top Quizzes in Sports
Browse Sports
hide this ad
Today's Top Quizzes in team
Browse team
Top Contributed Quizzes in Sports
1
Les meilleurs buteurs des matchs entre le PSG et l’OM
2
2022 World Cup Stars
3
FIFA Club World Cup Champions
4
Les entraîneurs de l'OM et du PSG au 21e siècle
5
Name the Premier League winners with different clubs
6
5-to-1: UK Sports Teams
7
La finale Lions - Afrique du Sud 2021
8
Criteria MLB: Left Handed Sluggers
9
AFC Teams Reveal (Wrong Answers Minefield)
10
England Test cricketers to play under Nasser Hussain
Explore More
Trending Topics
Kpop
Anime
Disney
Harry Potter
Marvel
NBA
Crossword
WWE
Country
The Office
NFL
Soccer
Puzzle
Song
Pokémon
hide this ad
More By:
saban4pres
Quiz
Plays
Rating
Category
Featured
Created
The C Game (College Football)
1,263
4.00
Sports
Apr 9, 2010
Big 4, NCAAF, and NCAAM champs 00-09
1,062
2.20
Sports
Jan 18, 2010
Teams Alabama Has Beaten (Football)
978
2.25
Sports
Oct 10, 2010
The B Game (College Football)
844
5.00
Sports
Mar 29, 2010
Mt. Rushmore of SEC Football
756
3.25
Sports
Nov 22, 2009
Go to Creator's Profile
Score Distribution
Quiz Creator Spotlight
saban4pres
Follow
Send a Message
Quizzes Created
-
Created Quiz Play Count
-
More By This Creator
Popular Quizzes Today
1
Find the US States - No Outlines Minefield
2
Find the Countries of Europe - No Outlines Minefield
3
The Countries of the World
4
Find the US States
5
Popular People in 1961
6
US States
7
Risky Map Clicking: Biggest States A-Z
8
Movies - When Are They Set?
More Sports Quizzes
Ring of Honor (ROH) World Champions in WWE
Curator's Pick
Trending Quizzes
Risky Map Clicking: Least Populous States A-Z
1-10 Letter G Words
1-10 Letter F Words
Risky Map Clicking: Next State Alphabetically
'A' Boys' Names Grid
Recently Updated
Leaping Animals
pecheneg
Reality TV Shows (A-Z)
bhenderson79
Rickey Henderson's Hall of Fame Teammates
pecheneg
Champions League XIs: Arsenal
pecheneg
Quick Pick: Celebrities in WWE's Hall of Fame
aduchscher
A-Z Keypad Blitz II
pecheneg
Multiple Oscar Actors
pecheneg
Mystery Phrase Blitz: Oscar 'Best Actors'
pecheneg
F. Scott Fitzgerald Novels
LTH
Pick 3 Villains
ddd62291
Trending Topics
Kpop
Crossword
Harry Potter
Marvel
Anime
NBA
Disney
Puzzle
Song
The Office
Soccer
Pokémon
Country
NFL
WWE
Your Account Isn't Verified!
In order to create a playlist on Sporcle, you need to verify the email address you used during registration. Go to your
Sporcle Settings
to finish the process.
Report this User
Report this user for behavior that violates our
Community Guidelines
.
Details:
Send Report
Go to the Sporcle.com Mobile Site →
Comments